00336nam a2200121Ia 4500003000400000008004100004020002600045040000800071100002600079245004100105260005300146300001500199LDD181101s9999 xx 000 0 und d a9789380104256c120.00 cLDD aNomani, Allama Shibli 0aShora-ul- ajamcAllama Shibli Nomani aAzamgarhbDarul Musannefin Shiibli Academyc2016 a191p. vol-